00648 2200217 4500001002100000005001500021035002000036007000300056008004100059020001500100082001100115084001700126100002500143245013100168250001100299260003800310300003700348504002500385990001000410990001000420INLIS00000000000510620200120091545 a0010-0120000191ta200120 g | ind  a9793288132 a610.73 a610.73 SUS b0 aSUSENO, tutu april A1 aBuku Ajar Pemenuhan Kebutuhan Dasar Manusia : Kehilangan, Kematian dan Berdukan dan Proses Keperawatan /cTutu April A. Suseno aCet. 1 aJakarta :bCV. sagung Seto,c2005 av, 63 hlm :b.ilus ;c13 x 18 cm aBibliografi : Hal 63 a1965a a1965b